000 01074nam a2200301Ia 4500
003 OSt
005 20250801152455.0
008 191128s9999 xx 000 0 und d
020 _a9789588948591
040 _aCO-JMCR
_cCO-JMCR
041 _aspa
082 _aJ-C
_bRIGc
100 _aRiggs, Ransom,
_eautor
_94868
245 0 _aCuentos extraños para niños peculiares /
_c[Ransom Riggs] ; Millard Nullings ; ilustraciones de Andrew Davidson ; traducción de Victoria Simó
250 _aPrimera edición
260 _aBogotá :
_bAlfaguara,
_c2016
300 _a238 páginas :
300 _b ilustraciones a blanco y negro ;
300 _c 22 cm.
520 _aAntes de que Miss Peregrine les diera un hogar, la historia de los Peculiares se escribía en los cuentos.
534 _pTales of the peculiar
546 _aTraducido del inglés
650 _aCuentos estadounidenses
_9767
700 _aNullings, Millard,
_eautor
_94869
700 _aDavidson, Andrew,
_eilustrador
_94870
700 _aSimó, Victoria,
_etraductora
_9526
942 _2ddc
_cBK
999 _c3784
_d3784